BSOP header

The interlinear NIV Hebrew-English Old Testament / (Record no. 39392)

MARC details
000 -LEADER
fixed length control field 02124cam a2200385Ia 4500
001 - CONTROL NUMBER
control field 33038675
003 - CONTROL NUMBER IDENTIFIER
control field OCoLC
005 - DATE AND TIME OF LATEST TRANSACTION
control field 20150818140305.0
008 - FIXED-LENGTH DATA ELEMENTS--GENERAL INFORMATION
fixed length control field 950825s1987 miu b 000 0 eng d
010 ## - LIBRARY OF CONGRESS CONTROL NUMBER
Canceled/invalid LC control number 87003356
020 ## - INTERNATIONAL STANDARD BOOK NUMBER
International Standard Book Number 031040200X
020 ## - INTERNATIONAL STANDARD BOOK NUMBER
International Standard Book Number 9780310402008
020 ## - INTERNATIONAL STANDARD BOOK NUMBER
International Standard Book Number 0310442206
020 ## - INTERNATIONAL STANDARD BOOK NUMBER
International Standard Book Number 9780310442202
041 0# - LANGUAGE CODE
Language code of text/sound track or separate title eng
-- heb
050 14 - LIBRARY OF CONGRESS CALL NUMBER
Classification number BS715
Item number 1987b
092 ## - LOCALLY ASSIGNED DEWEY CALL NUMBER (OCLC)
Classification number 221.44
Item number AI
130 0# - MAIN ENTRY--UNIFORM TITLE
Uniform title Bible.
Name of part/section of a work Old Testament.
Language of a work Hebrew.
Date of a work 1987.
245 14 - TITLE STATEMENT
Title The interlinear NIV Hebrew-English Old Testament /
Statement of responsibility, etc [edited by] John R. Kohlenberger III.
246 3# - VARYING FORM OF TITLE
Title proper/short title NIV interlinear Hebrew-English Old Testament.
246 3# - VARYING FORM OF TITLE
Title proper/short title NIV Hebrew-English Old Testament.
246 3# - VARYING FORM OF TITLE
Title proper/short title Hebrew-English Old Testament.
246 30 - VARYING FORM OF TITLE
Title proper/short title Interlinear Hebrew-English Old Testament.
260 ## - PUBLICATION, DISTRIBUTION, ETC. (IMPRINT)
Place of publication, distribution, etc Grand Rapids, Mich. :
Name of publisher, distributor, etc Zondervan Pub. House,
Date of publication, distribution, etc ©1987.
300 ## - PHYSICAL DESCRIPTION
Extent xxxvi, 586, 512, 601, 591 pages ;
Dimensions 25 cm.
490 1# - SERIES STATEMENT
Series statement Zondervan Hebrew reference series.
500 ## - GENERAL NOTE
General note Originally published 1979-1985 in four separate volumes under title: The NIV interlinear Hebrew-English Old Testament.
504 ## - BIBLIOGRAPHY, ETC. NOTE
Bibliography, etc Includes bibliographical references.
520 ## - SUMMARY, ETC.
Summary, etc Main Features:The standard Hebrew text, Biblia Hebraica Stuttgartensia, with all necessary variant readings and major textual conjectures in footnotesThe New International Version (North American Edition) as the English parallel text, complete with special indentation and paragraphing, section headings, and footnotesA grammatically literal, word-for-word translation with English phrases reading in normal left-to-right order for renderings of specific Hebrew wordsA complete introduction explaining translation techniques and characteristics of the Hebrew and English textsA special introduction for the general reader on how to use an interlinear for word studies and learning Hebrew.
630 00 - SUBJECT ADDED ENTRY--UNIFORM TITLE
Uniform title Bible.
Name of part/section of a work Old Testament.
Language of a work English
Form subdivision Interlinear translations.
700 1# - ADDED ENTRY--PERSONAL NAME
Personal name Kohlenberger, John R.,
Titles and other words associated with a name III,
Dates associated with a name 1951-
730 02 - ADDED ENTRY--UNIFORM TITLE
Uniform title Bible.
Name of part/section of a work Old Testament.
Language of a work English.
Version New International.
Date of a work 1987.
830 #0 - SERIES ADDED ENTRY--UNIFORM TITLE
Uniform title Zondervan Hebrew reference series.
942 ## - ADDED ENTRY ELEMENTS (KOHA)
Source of classification or shelving scheme Library of Congress Classification
Item type Books
Holdings
Withdrawn status Lost status Source of classification or shelving scheme Damaged status Not for loan Home library Current library Shelving location Date acquired Source of acquisition Inventory number Total Checkouts Full call number Barcode Date last seen Price effective from Koha item type
    Library of Congress Classification     BSOP Library BSOP Library Reference 08/18/2015   37280   BS715B47k 1987 00047280 08/18/2015 08/18/2015 Books
BSOP

Biblical Seminary of the Philippines
  All rights Reserved
  © 2024

CONTACT INFORMATION

Biblical Seminary of the Philippines,
  77-B Karuhatan Road, Valenzuela City,
  PHILIPPINES 1441
  Phone: +632 8292-6795 / 8292-6798
  Fax : +632 8292-6675
  Email: library@bsop.edu.ph